| 000 | 00385 a2200109 4500 | ||
|---|---|---|---|
| 001 | ART_12077 | ||
| 005 | 20260410161903.0 | ||
| 008 | 260409a | ||
| 245 | 1 | 0 | _aGains in efficiency from joint estimation of systems of autoregressive-moving average processes |
| 100 | 1 | _aNelson, Charles R. | |
| 773 | 0 |
_tJournal of econometrics _g- Vol. 4, NÂș 4 (nov. 1976) _wREV11720 |
|
| 999 |
_c26069 _d26069 |
||